000 nam a22 a 4500
999 _c332670
_d332670
003 BLK
005 20200429153627.0
008 190710b bu ||||| |||| 00| 0 bu d
040 _aBLK
041 _aENG
_cDRU
080 _aДекоративна хартия. Тапети
_b745.54
_x(510)
_z745.54(510)
139 _aPaper Cut in China
_bP 23
_gП 33
245 _aPaper Cut in China
_bThe twelve symbol animals
257 _aKIT
260 _as.l.
_cs.a.
300 _a28 с.
_c23 см
380 _a7
500 _aПарал. текст на китайски ез.
650 7 _9176365
_aХартия - приложно и декоративно изкуство
651 0 _9242505
_aКитай
653 7 _9192941
_aоригами
942 _2udc
_cKNG
_n0
_s1
999 _d332670